| 000 | 00356 a2200157 4500 | ||
|---|---|---|---|
| 001 | 154537 | ||
| 040 | _cEscola São Tomás de Aquino | ||
| 100 | _aCRUZ, Therezinha M. L. da | ||
| 240 | 1 | 0 |
_aGente com muita historia _lpor |
| 245 | 1 | 0 | _aGente com muita historia |
| 300 | _a48 | ||
| 362 | 0 | _a2003 | |
| 440 | 1 | _aFTD | |
| 697 | _aRELIGIÃO | ||
| 942 | _cBK | ||
| 999 |
_c154537 _d154537 |
||